Isle of Man Airport Destinations (Ronaldsway, Isle of Man) - Statistics

General Stats
  • This quiz has been taken 143 times
    63 since last reset
  • The average score is 9 of 11
Answer Stats
Airline Destination % Correct
easyJet/Loganair London (City)
98%
easyJet London (Gatwick)
98%
Loganair London (Heathrow)
98%
easyJet London (Luton)
98%
Aer Lingus Dublin
96%
easyJet/Loganair Liverpool
96%
easyJet/Loganair Manchester
96%
Loganair Edinburgh
94%
Loganair Birmingham
77%
easyJet Bristol
72%
Loganair Newquay
28%
No matching quizzes found
Score Distribution
Percent of People with Each Score
Percentile by Number Answered
Your Score History
You have not taken this quiz since the last reset